000 00292nam a22001337a 4500
008 170619b xxu||||| |||| 00| 0 eng d
020 _a9780393047646
041 _aeng
080 _a94
100 _a18
101 _aSHH
245 _aTHE FUTURE OF FREEDOM
_cZAKARIA.F
942 _2udc
_cBK
999 _c18045
_d18045